000 00642nam a2200241Ia 4500
008 160404s9999 xx 000 0 und d
050 _aFIL HD 31
050 _b.I55 2002 c.2
100 _aIñigo, Conrado E., Jr.
245 _aManagement for Filipinos :
245 _bprinciples & applications /
245 _cConrado E. Iñigo, Jr.
250 _aRevised Edition
260 _aManila :
260 _b[s.n.] :
260 _c2002
300 _a320 pages :
300 _billustrations ;
300 _c22 cm.
500 _aIncludes bibliographical references.
650 _aManagement.
650 _xManagement -- Philippines.
999 _c293249
_d293249